01149nam a2200253Ii 45000010005000000030009000050080041000140200015000550400033000700410008001030820016001111000037001272450094001642640075002583000012003333360026003453370028003713380027003999400050004269990017004769520134004939520134006279520134007612850CO-ViMGA241108s9999||||xx |||||||||||||| ||und|| a9290570075 aCO-ViMGAbspaerdacCO-ViMGA0 aspa04a028.5 V263p1 aMaría Clemencia Venegas95012110aPromoción de la lectura a través de la literatura Infantil y la biblioteca en el aula 1aBogotá, Colombia : CERLALC. Ministerio de Educación Nacional, 1987 avolumen atextbtxt2rdacontent aunmediatedbn2rdamedia avolumebnc2rdacarrier aidficha_siabuc: 2788. -- ficha_no_siabuc:2850 c44799d44799 001040708001aMEVIGERRbMEVIGERRcGENd2006-11-27o028.5 V263ppECA774r2024-11-26 09:17:45tEj.3w2024-11-26yBKz2788 | 3839 001040708001aMEVIGERRbMEVIGERRcGENd2006-11-27o028.5 V263ppECA772r2024-11-26 09:17:45tEj.1w2024-11-26yBKz2788 | 3837 001040708001aMEVIGERRbMEVIGERRcGENd2006-11-27o028.5 V263ppECA773r2024-11-26 09:17:45tEj.2w2024-11-26yBKz2788 | 3838